| 000 | 00691nam a2200205Ia 4500 | ||
|---|---|---|---|
| 005 | 20150205105958.0 | ||
| 010 | _aBAC-EN21 | ||
| 020 |
_a9788126508365 _c599.00 |
||
| 035 | _aB-587047-063 | ||
| 037 |
_bAsian Book Centre/Ven _adpl |
||
| 082 | _a551.49 | ||
| 100 | _aTodd, David Keith | ||
| 245 |
_aGroundwater Hydrology / _cby David Keith Todd |
||
| 250 | _a2nd ed | ||
| 260 |
_c2014 _aNew Delhi _bWiley India |
||
| 270 |
_a4435-36/7, Ansari Road, Daryaganj _bNew Delhi _e110002 |
||
| 300 |
_c22cm(pbk) _a535p.: _bill. |
||
| 942 |
_cEN _2ddc _h551.49 _mTOD |
||
| 999 |
_c88054 _d88054 |
||